LEADER 01666nam 2200349Ia 450 001 996386870403316 005 20200824132744.0 035 $a(CKB)4940000000082982 035 $a(EEBO)2248541960 035 $a(OCoLC)ocm18206231e 035 $a(OCoLC)18206231 035 $a(EXLCZ)994940000000082982 100 $a19880713d1659 uy | 101 0 $aeng 135 $aurbn||||a|bb| 200 14$aThe alliance of divine offices, exhibiting all the liturgies of the Church of England since the Reformation$b[electronic resource] $eas also the late Scotch service-book, with all their respective variations : and upon them all annotations, vindictating the Book of common-prayer from the main objections of its adversaries, explicating many parcels thereof hithereto not clearly understood, shewing the conformity it beareth with the primitive practice, and giving a faire prospect into the usages of the ancient church : to these is added at the end, The order of the communion set forth 2 Edward 6 /$fby Hamon L'Estrange .. 210 $aLondon $cPrinted for Henry Broom$d1659 215 $a[16], 341 p 300 $aAddenda: p. 225-338. 300 $aErrata: p. 341. 300 $aImperfect: stained. 300 $aReproduction of original in the Bodleian Library. 320 $aIncludes bibliographic references. 330 $aeebo-0014 700 $aL'Estrange$b Hamon$f1605-1660.$01009894 801 0$bEAI 801 1$bEAI 801 2$bWaOLN 906 $aBOOK 912 $a996386870403316 996 $aThe alliance of divine offices, exhibiting all the liturgies of the Church of England since the Reformation$92394426 997 $aUNISA LEADER 01741nam 2200409Ia 450 001 996390349503316 005 20221108024037.0 035 $a(CKB)1000000000649730 035 $a(EEBO)2240919273 035 $a(OCoLC)9920465600971 035 $a(EXLCZ)991000000000649730 100 $a19950918d1604 uy | 101 0 $aeng 135 $aurbn||||a|bb| 200 10$aBy the King$b[electronic resource] $ethe care which wee haue had, and paines which wee haue taken to settle the affaires of this Church of England in an uniformitie as well of doctrine as of gouernment, both of them agreeable to the word of God .. 210 $aImprinted at London $cBy Robert Barker, Printer to the Kings most Excellent Maiestie$dAnno Dom. 1604 215 $a2 leaves 300 $aOther title information from first 4 lines of text. 300 $aRequiring ministers to conform to the Church of England by 30 November. 300 $a"Giuen at our Mannour of Otelands the sixteenth day of Iuly, 1604. in the second yeere of our Raigne of England, France and Ireland, and of Scotland the seuen and thirtieth." 300 $aImprint from colophon. 300 $aReproduction of original in: Harvard University. Library. 330 $aeebo-0062 606 $aChurch and state$zEngland 606 $aDissenters, Religious$zEngland 607 $aGreat Britain$xHistory$yJames I, 1603-1625 607 $aGreat Britain$xChurch history$y17th century 615 0$aChurch and state 615 0$aDissenters, Religious 701 $aJames$cKing of England,$f1566-1625.$01001019 801 0$bEBK 801 1$bEBK 801 2$bWaOLN 906 $aBOOK 912 $a996390349503316 996 $aBy the King$92299281 997 $aUNISA LEADER 01485nam 2200421Ia 450 001 996387816103316 005 20221108072448.0 035 $a(CKB)1000000000627843 035 $a(EEBO)2240969016 035 $a(OCoLC)12197176 035 $a(EXLCZ)991000000000627843 100 $a19850625d1645 uy | 101 0 $aeng 135 $aurbn||||a|bb| 200 12$aA true and full coppy [sic] of that which was most imperfectly and surreptitiously printed before under the name of Religio medici$b[electronic resource] 210 $a[London] $cPrinted for Andrew Crooke$d1645 215 $a[16], 174 p 300 $aContains engraved t.p. 300 $aPlace of publication suggested by Wing. 300 $aImperfect: pages tightly bound and stained, with print showthrough and some loss of print. 300 $aReproduction of original in the Harvard University Library. 330 $aeebo-0062 606 $aChristian ethics 606 $aChristian life 606 $aChristianity$xPhilosophy 615 0$aChristian ethics. 615 0$aChristian life. 615 0$aChristianity$xPhilosophy. 700 $aBrowne$b Thomas$cSir,$f1605-1682.$0195293 801 0$bEAI 801 1$bEAI 801 2$bm/c 801 2$bUMI 801 2$bWaOLN 906 $aBOOK 912 $a996387816103316 996 $aA true and full coppy of that which was most imperfectly and surreptitiously printed before under the name of Religio medici$92330395 997 $aUNISA LEADER 04340nam 22005895 450 001 9910300108703321 005 20251116195833.0 010 $a3-319-76989-8 024 7 $a10.1007/978-3-319-76989-9 035 $a(CKB)4100000004243757 035 $a(DE-He213)978-3-319-76989-9 035 $a(MiAaPQ)EBC5396658 035 $a(PPN)22740632X 035 $a(EXLCZ)994100000004243757 100 $a20180516d2018 u| 0 101 0 $aeng 135 $aurnn#008mamaa 181 $ctxt$2rdacontent 182 $cc$2rdamedia 183 $acr$2rdacarrier 200 10$aMeasuring the Data Universe $eData Integration Using Statistical Data and Metadata Exchange /$fby Reinhold Stahl, Patricia Staab 205 $a1st ed. 2018. 210 1$aCham :$cSpringer International Publishing :$cImprint: Springer,$d2018. 215 $a1 online resource (VII, 117 p. 38 illus., 33 illus. in color.) 311 08$a3-319-76988-X 327 $a0 About the Authors -- 0 About This Book -- Part 1: Creating Comprehensive Data Worlds using Standardisation -- 1 Where We Stand, Where We Want to Be, and How to Get There -- 2 What Does Reality Look Like? -- 3 What Can We Expect From Big Data? -- 4 Why is Data Integration so Hard? -- 5 Basic Thoughts about Standardisation -- 6 Standardisation and Research -- 7 Introducing Standards Successfully -- 8 Statistics Driving Successful Data Integration -- 9 Contribution of the Statistics Standard SDMX -- 10 Conclusion and Outlook -- Part 2: The Statistics Standard SDMX -- 11 History of SDMX -- 12 The Main Elements of SDMX -- 13 Working With SDMX -- 14 SDMX as a key success factor for data integration -- Glossary. 330 $aThis richly illustrated book provides an easy-to-read introduction to the challenges of organizing and integrating modern data worlds, explaining the contribution of public statistics and the ISO standard SDMX (Statistical Data and Metadata Exchange). As such, it is a must for data experts as well those aspiring to become one. Today, exponentially growing data worlds are increasingly determining our professional and private lives. The rapid increase in the amount of globally available data, fueled by search engines and social networks but also by new technical possibilities such as Big Data, offers great opportunities. But whatever the undertaking ? driving the block chain revolution or making smart phones even smarter ? success will be determined by how well it is possible to integrate, i.e. to collect, link and evaluate, the required data. One crucial factor in this is the introduction of a cross-domain order system in combination with a standardization of the data structure. Using everyday examples, the authors show how the concepts of statistics provide the basis for the universal and standardized presentation of any kind of information. They also introduce the international statistics standard SDMX, describing the profound changes it has made possible and the related order system for the international statistics community. 606 $aStatistics 606 $aData structures (Computer science) 606 $aData mining 606 $aBig data 606 $aApplied Statistics$3https://scigraph.springernature.com/ontologies/product-market-codes/S17000 606 $aData Structures$3https://scigraph.springernature.com/ontologies/product-market-codes/I15017 606 $aData Mining and Knowledge Discovery$3https://scigraph.springernature.com/ontologies/product-market-codes/I18030 606 $aBig Data/Analytics$3https://scigraph.springernature.com/ontologies/product-market-codes/522070 606 $aBig Data$3https://scigraph.springernature.com/ontologies/product-market-codes/I29120 615 0$aStatistics. 615 0$aData structures (Computer science) 615 0$aData mining. 615 0$aBig data. 615 14$aApplied Statistics. 615 24$aData Structures. 615 24$aData Mining and Knowledge Discovery. 615 24$aBig Data/Analytics. 615 24$aBig Data. 676 $a005.73 700 $aStahl$b Reinhold$4aut$4http://id.loc.gov/vocabulary/relators/aut$0767844 702 $aStaab$b Patricia$4aut$4http://id.loc.gov/vocabulary/relators/aut 906 $aBOOK 912 $a9910300108703321 996 $aMeasuring the Data Universe$92240077 997 $aUNINA